00801nam a22002177a 450000500170000001000140001702000260003103500130005703700130007008200120008310000260009524501220012125000120024326000290025527000660028430000340035050000190038494200260040399900170042995201370044620100731160448.0 aENG-97558 a9788131729304c399.00 aEN-81091 bDBAD/PUB a332.632 aKasapis, Andrew94015 aMastering credit derivations :ba step-by-step guide to credit derivatives and structured credit /cby Andrew Kasapis a2nd. ed aNew DelhibPearsonc2010 a14 Local Shopping Centre, Panchsheel Park,bNew Delhie110017 axiv, 277p.:bill.c24cm (pbk) aincludes index 2ddccENh332.632mKAS c38486d38486 001040718NFICaDBADbDBADd2010-07-31eDBAD/PUBg399.00l0o332.632 KASpEN-81091r2010-07-31 00:00:00t1v399.00w2010-07-31yEN